La utilización del Geomarketing en la toma de decisiones y la planificación comercial (Registro nro. 17585)
[ vista simple ]
| 000 -LEADER | |
|---|---|
| fixed length control field | 00650 a2200193 4500 |
| 001 - CONTROL NUMBER | |
| control field | ART_2643 |
| 005 - DATE AND TIME OF LATEST TRANSACTION | |
| control field | 20260410161728.0 |
| 008 - FIXED-LENGTH DATA ELEMENTS--GENERAL INFORMATION | |
| fixed length control field | 260409a |
| 100 1# - MAIN ENTRY--PERSONAL NAME | |
| Personal name | Kosiak de Gesualdo, Graciela |
| 245 10 - TITLE STATEMENT | |
| Title | La utilización del Geomarketing en la toma de decisiones y la planificación comercial |
| 700 1# - ADDED ENTRY--PERSONAL NAME | |
| Personal name | Sánchez Rossi, María Rosa |
| 700 1# - ADDED ENTRY--PERSONAL NAME | |
| Personal name | Alesandria, Horacio |
| 700 1# - ADDED ENTRY--PERSONAL NAME | |
| Personal name | Echeverría, María Belén |
| 700 1# - ADDED ENTRY--PERSONAL NAME | |
| Personal name | Chiovetta, Carolina |
| 700 1# - ADDED ENTRY--PERSONAL NAME | |
| Personal name | Modesto, María Florencia |
| 700 1# - ADDED ENTRY--PERSONAL NAME | |
| Personal name | Soijet, Mirta |
| 700 1# - ADDED ENTRY--PERSONAL NAME | |
| Personal name | Mantovani, Graciela |
| 773 0# - HOST ITEM ENTRY | |
| Title | Ciencias económicas |
| Related parts | - Año 2, Vol. 3 (dic. 2005) |
| Record control number | REV2567 |
No hay ítems disponibles.